00821nam a2200253 i 4500003000900000005001700009007000300026008004100029020001500070040003000085082001300115100003700128245004000165264004600205300003800251336002700289337003400316338002800350590002700378910001400405942001400419952011700433999001700550DO-SdBNP20240711135639.0ta240711b1976 sp c 00| 0 spa d a8402049893 aDO-SdBNPbspacBNPHUerda 4bB361222 aBayona, José Ma.eautor98606210aJuan Carlos I /cJosé Ma. Bayona  aBarcelona, España :bBruguera, c1976. a348 páginas :bretratosc24 cm. 2rdacontentatextobtxt 2rdamediaasin mediaciónbnc 2rdacarrieravolumenbnc aInventariado, 2024/ YL aYlockward 2ddccLBS1 00102ddc56708GRaBNPHUbBNPHUcCTd2012-07-02eDonación l0oB361p2024-4352r2024-07-11w2024-07-11yLBS1 c57268d57268